La religión y los sabios

Saved in:
Bibliographic Details
Main Author: Gentilini, Bernardo (Author)
Format: Book
Language:Spanish
Published: Santiago Libreria y Casa Editorial de la Federación de Obras Católicas 1915
Edition:1a. ed
Series:Biblioteca religión y Ciencia, 5
Subjects:
Tags: Add Tag
No Tags, Be the first to tag this record!

MARC

LEADER 00000cam a2200000 a 4500
001 UCD0912
003 CL-VaPUC
008 151218e19150000cl |||||||||||||||||spa|d
082 0 4 |a 200.1  |b GEN  |2 21 
100 |a Gentilini, Bernardo  |e author  |9 583942 
245 1 3 |a La religión y los sabios 
250 |a 1a. ed 
300 |a 62 p 
942 |c BK 
945 |d 20151218 14:15:00  |a gsalatino 
260 |a Santiago  |b Libreria y Casa Editorial de la Federación de Obras Católicas  |c 1915 
650 0 |a Filosofía de la religión   |9 256017 
650 7 |a SABIOS  |2 CL-VaPUC  |9 506772 
583 |a last modification  |c 20151218 14:15:00  |k Rodrigo Vera 
490 0 |a Biblioteca religión y Ciencia, 5 
999 |c 362349  |d 362347 
952 |0 0  |1 0  |3 erd  |4 0  |6 200_100000000000000_GEN_1915  |7 0  |8 P  |9 473448  |a BIBTEO  |b BIBTES  |c TEO_FTES  |i 5275008  |o 200.1 GEN 1915  |p 5275008  |r 2024-01-18  |w 2019-11-24  |y BK  |z Catalogado en:20151218  |k ICR